| 000 | 01158cam a22001814a 4500 | ||
|---|---|---|---|
| 005 | 20250605163350.0 | ||
| 008 | 250528s ||||||||||||||||||||||||d | ||
| 035 | _a17671 | ||
| 020 | _a9786185112103 | ||
| 040 |
_aGR-AtMCL _bgre _dGR-AtMCL _eAACR2 |
||
| 245 | 1 | _aΟι Καλύτερες εφαρμογές για iPad / Επικοινωνήστε Εύκολα και Γρήγορα, Διασκεδάστε με τα Καλύτερα Παιχνίδια, Πώς Προσθέτω Νέες Εφαρμογές | |
| 260 |
_bDigerati, _c2014 |
||
| 300 | _a98 | ||
| 520 | _aΥπαρχουν περίπου 500.000 εφαρμογές κομμένες και ραμμένες στις δυνατότητες και τις μεγάλες διαστάσεις του iPad. Αναζήτηση και Κατέβασμα Εφαρμογών από iPad/ Tunes, Μεταφορά Αρχείων από το PC σε Εφαρμογές στο iPad, Business, Entertainment, Finance, Food and Drink, Lifestyle, Music Navigation, News, Photo and Video, Productivity, Reference, Social Networking, Sports, Weather, Games. | ||
| 942 | _cBK | ||
| 999 |
_c3073 _d3073 |
||